| 000 | 01054nam a2200301 i 4500 | ||
|---|---|---|---|
| 003 | EG-GICUC | ||
| 005 | 20260221192015.0 | ||
| 008 | 260206s2008 ua ||||fr ||| 00| 0 ara d | ||
| 017 | _a1518/2008 | ||
| 040 |
_aEG-GICUC _cEG-GICUC _dEG-GICUC _erda _bara |
||
| 041 | 0 | _aara | |
| 082 | 0 | 4 |
_221 _a341.84 _bأ ح . أ |
| 092 | 0 | 4 | _221 |
| 099 | _aLaw1 12 341.84 أ ح . أ 2008 | ||
| 100 | 1 |
_aأحمد عبدالكريم سلامة _eمؤلف. |
|
| 245 | 1 | 2 |
_aالأصول في التنازع الدولي للقوانين / _cأحمد عبدالكريم سلامة . |
| 264 | 0 |
_aمصر : _bدار النهضة العربية , _c2008 . |
|
| 300 |
_a 1289 صفحة ؛ _c30 سم. |
||
| 336 |
_atext _2rda content |
||
| 337 |
_aComputer _2rda media |
||
| 338 |
_aOnline Resource _2rda carrier |
||
| 546 | _aالنص باللغة العربية | ||
| 650 | 0 | 4 | _aالقانون الدولي الخاص |
| 650 | 0 | 4 | _aتنازع القوانين |
| 856 | _uhttps://fll.law.cu.edu.eg/fulltext/th/B12-02520.pdf | ||
| 905 | _a59 | ||
| 942 |
_2ddc _cBK _e21 _n0 |
||
| 999 |
_c61408 _d61408 |
||